| 000 | 00521nam a22001937a 4500 | ||
|---|---|---|---|
| 003 | BUBTL | ||
| 008 | 221017b ||||| |||| 00| 0 eng d | ||
| 082 | _a346.03/ P1922l/ 1997 | ||
| 100 |
_94775 _aPande. G. S. |
||
| 245 |
_aLaw of Torts : _bG. S. Pande |
||
| 250 | _a1st Edn | ||
| 260 |
_aDelhi _bAllahabad Law Agency _cc1997 |
||
| 300 |
_a[lvii],349p. : _b22 cm |
||
| 650 | 0 |
_926 _aLaw |
|
| 700 |
_94775 _aPande. G. S. |
||
| 856 |
_k0 _l0 _yDownload |
||
| 942 |
_2ddc _cBK |
||
| 999 |
_c6758 _d6758 |
||